各都道府県で唯一"まち""ちょう"と読む町 - Statistics

General Stats
  • This quiz has been taken 83 times
  • The average score is 5 of 8
Answer Stats
都道府県 読み Answer % Correct
北海道 まち 森町
95%
静岡県 まち 森町
95%
山梨県 まち 富士河口湖町
68%
島根県 まち 川本町
58%
佐賀県 まち 江北町
57%
長野県 ちょう 阿南町
53%
山形県 ちょう 河北町
51%
福岡県 ちょう 遠賀町
43%
No matching quizzes found
Score Distribution
Percent of People with Each Score
Percentile by Number Answered
Your Score History
You have not taken this quiz